Student affairs preparation programs : should they be accredited? (Record no. 77443)

MARC details
000 -CABECERA
campo de control de longitud fija 00577nam a2200205 a 4500
005 - FECHA Y HORA DE LA ÚLTIMA TRANSACCIÓN
campo de control 20210219153446.0
008 - ELEMENTOS DE LONGITUD FIJA--INFORMACIÓN GENERAL
campo de control de longitud fija 991125n 000 0 eng u
035 ## - NÚMERO DE CONTROL DEL SISTEMA
Número de control de sistema UPN01000101104
100 ## - ASIENTO PRINCIPAL--NOMBRE PERSONAL
Nombre de persona Ebbers, Larry H.
222 ## - TÍTULO CLAVE
Título clave NASPA JOURNAL
245 ## - MENCIÓN DE TÍTULO
Título Student affairs preparation programs : should they be accredited?
300 ## - DESCRIPCIÓN FÍSICA
Extensión 59-65
362 ## - FECHAS DE PUBLICACIÓN Y/O DESIGNACIÓN SECUENCIAL
Fecha de publicación y/o designación secuencial 1992 30, no. 1
653 0# - TERMINO DE INDIZACION - NO CONTROLADO
Término no controlado ACREDITACION (INSTITUCIONES)
653 0# - TERMINO DE INDIZACION - NO CONTROLADO
Término no controlado ACTITUDES DEL EMPLEADO
653 0# - TERMINO DE INDIZACION - NO CONTROLADO
Término no controlado EMPLEO DE ESTUDIANTES
700 ## - ASIENTO SECUNDARIO--NOMBRE DE PERSONAL
Nombre de persona Kruempel, Beverly J.
904 ## - ELEMENTOS DE DATOS D LOCAL, LDD (RLIN)
a AC
b 038915
905 ## - TIPO DE MATERIAL
Tipo de material Articulo

No items available.